LEADER 00901nam0-22003011i-450- 001 990006461390403321 005 20001010 035 $a000646139 035 $aFED01000646139 035 $a(Aleph)000646139FED01 035 $a000646139 100 $a20001010d--------km-y0itay50------ba 101 0 $aita 105 $ay-------001yy 200 1 $a<>Chiesa nalla politica italiana (1944- 1963)$ealle origini del compromesso storico$fDomenico Settembrini 210 $aMilano$cRizzoli$d1977. 215 $a507 p.$d22 cm 225 1 $aBiblioteca universale Rizzoli$v120 676 $a322 700 1$aSettembrini,$bDomenico$f<1929- >$0121282 801 0$aIT$bUNINA$gRICA$2UNIMARC 901 $aBK 912 $a990006461390403321 952 $aCOLLEZ. 120 (120)$b8123$fFSPBC 959 $aFSPBC 996 $aChiesa nalla politica italiana (1944- 1963$9651198 997 $aUNINA DB $aGEN01 LEADER 01614nam 2200469 450 001 996202483103316 005 20230617015153.0 035 $a(CKB)1000000000022067 035 $a(SSID)ssj0000396693 035 $a(PQKBManifestationID)12146172 035 $a(PQKBTitleCode)TC0000396693 035 $a(PQKBWorkID)10342509 035 $a(PQKB)10150616 035 $a(WaSeSS)IndRDA00124280 035 $a(EXLCZ)991000000000022067 100 $a20200601d2003 uy 0 101 0 $aeng 135 $aur||||||||||| 181 $ctxt 182 $cc 183 $acr 200 10$a12th International Conference on Solid-State Sensors, Actuators and Microsystems $e8-12 June 2003, Boston, MA, USA /$fIEEE Electron Devices Society 210 1$aPiscataway, New Jersey :$cInstitute of Electrical and Electronics Engineers,$d2003. 215 $a1 online resource (253 pages) 300 $a"Digest of Technical Papers Catalog Number 03TH8664." 311 $a0-7803-7731-1 327 $av. 1. Papers 1A1.1-2E136.P -- v. 2. Papers 3A1.1-4D3.5. 606 $aTransducers$vCongresses 606 $aDetectors$vCongresses 606 $aActuators$vCongresses 615 0$aTransducers 615 0$aDetectors 615 0$aActuators 676 $a681.2 712 02$aIEEE Electron Devices Society, 712 12$aInternational Conference on Solid-State Sensors and Actuators 801 0$bWaSeSS 801 1$bWaSeSS 906 $aPROCEEDING 912 $a996202483103316 996 $a12th International Conference on Solid-State Sensors, Actuators and Microsystems$92545660 997 $aUNISA